Statistiques concernant Quel pays européen?

Cliquez ici pour prendre le quiz!

Statistiques générales

  • Ce quiz a été pris 258 fois
  • Le résultat moyen est 9 sur 15

Statistiques - réponses

QuestionRéponse% Correct
Les sculptures célèbres de quel pays incluent le Manneken-Pis et l'Atomium?Belgique
89%
La capitale de quel pays NE commence PAS par un B?Albanie
88%
Où est Sochi?Russie
84%
Quel pays n'a PAS gagné la Coupe du Monde FIFA?Portugal
82%
Lequel de ces pays partage une frontière terrestre avec un seul autre pays?Danemark
78%
Quel pays faisait partie de la Yougoslavie?Croatie
71%
Quel pays est dans l'Union européenne?Chypre
65%
Quel pays est situé sur la dorsale médio-atlantique?Islande
58%
Quel pays n'a pas vu son territoire envahi pendant la seconde guerre mondiale?Espagne
56%
Lequel de ces pays est le plus grand par sa superficie?France
55%
Quel pays borde l'Ukraine?Hongrie
48%
Quel pays porte le nom d'une direction cardinale?Autriche
43%
Quel pays a accueilli les Jeux olympiques d'été?Finlande
29%
Le Panthéon de quel pays a été construit autour de 120 DA?Italie
27%
Quel pays était l'une des Empires centraux de la Première Guerre mondiale?Bulgarie
20%

Distribution des résultats

Percentile par nombre de réponses

% des personnes avec chaque résultat

Votre développement - résultats

Vous n’avez pas pris ce quiz